10 największych miast w Polsce - Statystyki

Ogólne statystyki
  • Ten quiz został rozwiązany 44 razy
  • Średni wynik to 8 z 10
Statystyki odpowiedzi
Powierzchnia ha Miasto % Poprawnych
68 300 Gdańsk
100%
51 720 Warszawa
100%
29 280 Wrocław
95%
32 685 Kraków
93%
26 191 Poznań
90%
29 325 Łódź
88%
30 062 Szczecin
88%
39 151 Gdynia
81%
27 536 Zielona Góra
55%
20 207 Świnoujście
17%
Nie znaleziono quizów pasujących do podanych kryteriów
Rozkład punktacji
Procent ludzi z każdym wynikiem
Percentyl według liczby udzielonych odpowiedzi
Twoja historia wyników
Nie rozwiązałeś tego quizu